The office index (Record no. 84009)
[ view plain ]
| 000 -LEADER | |
|---|---|
| fixed length control field | 01093cad a22002055a 4500 |
| 001 - CONTROL NUMBER | |
| control field | L156430 |
| 008 - FIXED-LENGTH DATA ELEMENTS--GENERAL INFORMATION | |
| fixed length control field | 120521s2012 xxk 000 0 eng d |
| 035 ## - SYSTEM CONTROL NUMBER | |
| System control number | (Sirsi) u156430 |
| 041 0# - LANGUAGE CODE | |
| Language code of text/sound track or separate title | eng |
| 110 2# - MAIN ENTRY--CORPORATE NAME | |
| Corporate name or jurisdiction name as entry element | Jones Lang LaSalle |
| 9 (RLIN) | 3755 |
| 245 04 - TITLE STATEMENT | |
| Title | The office index |
| Medium | [electronic resource] |
| 260 ## - PUBLICATION, DISTRIBUTION, ETC. | |
| Place of publication, distribution, etc. | [S.l.] |
| Name of publisher, distributor, etc. | JLL |
| Date of publication, distribution, etc. | 2012 |
| 490 #0 - SERIES STATEMENT | |
| Series statement | Jones Lang LaSalle Office Index |
| Volume/sequential designation | May 2012 |
| 520 ## - SUMMARY, ETC. | |
| Summary, etc. | Office leasing demand slowed further across most of Asia Pacific in Q1 2012. Rental growth also slowed further in most major markets in the quarter but capital values increased or remained stable in most major markets. Overall leasing demand is expected to weaken moderately during 2012 and positive rental growth of up to 25% is forecast across the region for the full year. Capital values however are expected to grow at a slower rate in 2012 in most markets. |
| 590 ## - LOCAL NOTE (RLIN) | |
| Local note | KA |
| 651 #4 - SUBJECT ADDED ENTRY--GEOGRAPHIC NAME | |
| Geographic name | Asia Pacific |
| 690 ## - LOCAL SUBJECT ADDED ENTRY--TOPICAL TERM (OCLC, RLIN) | |
| Topical term or geographic name as entry element | Commercial property |
| 9 (RLIN) | 6227 |
| 856 40 - ELECTRONIC LOCATION AND ACCESS | |
| Uniform Resource Identifier | <a href="https://www.joneslanglasalle.co.in/India/EN-GB/Pages/ResearchFilter.aspx">https://www.joneslanglasalle.co.in/India/EN-GB/Pages/ResearchFilter.aspx</a> |
| Public note | View the report at www.joneslanglasalle.co.in |
| 942 ## - ADDED ENTRY ELEMENTS (KOHA) | |
| Suppress in OPAC | 0 |
| Withdrawn status | Lost status | Source of classification or shelving scheme | Damaged status | Not for loan | Home library | Current library | Shelving location | Date acquired | Total Checkouts | Full call number | Barcode | Date last seen | Copy number | Price effective from | Koha item type |
|---|---|---|---|---|---|---|---|---|---|---|---|---|---|---|---|
| Dewey Decimal Classification | Virtual | Virtual | Online | 21/05/2012 | ONLINE PUBLICATION | 156430-2001 | 06/08/2019 | 1 | 06/08/2019 | Book |